000 00484cam a2200217ua 4500
041 _aeng
_h
082 _a630
_bJAG/AG
100 _aJagadish, Sahay .
_9705
245 _aAgricultural engineering
250 _a1 /
_b.
260 _aThrissur :
_bStandard Book House ,
_c1964.
300 _a410 ; .
504 _a
650 _aFarm building
_95952
650 _aFarm machinery
_9707
650 _aFarm power
_9708
942 _cBK
999 _c37
_d37
003 @
003 OSt